| 000 | 00859nam a2200229 i 4500 | ||
|---|---|---|---|
| 001 | 72718 | ||
| 003 | ES-MaACL | ||
| 005 | 20250723061834.0 | ||
| 007 | t| | ||
| 008 | 040902m18881909it ||||1| ita d | ||
| 100 | 1 |
_aGlück, Christian Friedrich von, _d1755-1831 _957457 |
|
| 245 | 1 | 0 |
_aCommentario alle Pandette / _cdi Federico Glück, tradotto ed arricchito di copiose note e confronti col Codice civile del regno d'Italia ; direttori Filippo Serafini e Pietro Cogliolo [e Carlo Radda]. |
| 260 |
_aMilano : _bSocietáa Editrice Libraria, _c[1888-1909?] |
||
| 300 |
_a32 v. ; _c26 cm. |
||
| 630 | 0 | 4 |
_aDigesta. _9149974 |
| 650 | 0 | 7 |
_aDerecho romano _2embne _911764 |
| 700 | 1 |
_aSerafini, Filippo. _9105519 |
|
| 700 | 1 |
_aCogliolo, Pietro. _939474 |
|
| 700 | 0 |
_aFadda, Carlo. _948606 |
|
| 852 |
_aES-MaACL _jC-13283-314 |
||
| 999 |
_c72718 _d72718 |
||